000 01044nam a2200205Ia 4500
003 Ost
005 20260507075021.0
008 260507s9999||||xx |||||||||||||| ||und||
040 _cfsecg
041 _aara
082 _a658.72
100 _aزويلف، مهدي حسن
_eمؤلف
245 0 _aإدارة الشراء والتخزين :
_bمدخل حديث /
_c مهدي حسن زويلف
260 _aعمان:
_bدار الفكر للطباعة والنشر والتوزيع,
_c2002
300 _a251 صفحة؛
_bإيضاحات ؛
_c24 سم
520 _aإدارة الشراء-أساسيات الشراء- أصول العلمية للشراء- تخطيط نشاط إدارة الشراء- تقييم نشاط إدارة الشراء-إدارة التخزين- مفاهيم أساسية في إدارة المخازن- التوصيف والتبويب وترميز المواد- إجراءات التخزين- تقييم أداة إدارة التخزين
653 _aالتخزين
653 _aالشراء
942 _cكتاب
999 _c42278
_d42278